Nguyễn Khuyến tác phẩm và lời bình

সংরক্ষণ করুন:
গ্রন্থ-পঞ্জীর বিবরন
প্রধান লেখক: Nguyễn Khuyến
অন্যান্য লেখক: Tuấn Thành Anh Vũ (Tuyển chọn)
বিন্যাস: গ্রন্থ
ভাষা:Vietnamese
প্রকাশিত: H. Văn học 2005
বিষয়গুলি:
ট্যাগগুলো: ট্যাগ যুক্ত করুন
কোনো ট্যাগ নেই, প্রথমজন হিসাবে ট্যাগ করুন!
Thư viện lưu trữ: Mạng thư viện Đại học Đà Nẵng
LEADER 01083nam a2200337 4500
001 000014163
003 10520
005 20120405150432.0
008 120405s2005 viesd
020 |c 52000đ 
041 0 |a vie 
082 |a 895.9221  |b NG-K 
100 0 |a Nguyễn Khuyến 
245 0 |a Nguyễn Khuyến tác phẩm và lời bình  |c Tuấn Thành, Anh Vũ(Tuyển chọn) 
260 |a H.  |b Văn học  |c 2005 
300 |a 515 tr.  |c 19 cm 
653 |a Nguyễn Khuyến 
653 |a Tác phẩm 
653 |a Lời bình 
700 |a Tuấn Thành  |a Anh Vũ  |e Tuyển chọn 
910 |d 19/07/2011 
OWN |a LSP 
AVA |a UDN50  |b LSP  |d 895.9221 NG-K  |e available  |t Error 5001 Not defined in file expand_doc_bib_avail.  |f 3  |g 0  |h N  |i 0  |k 1 
999 |a From the UDN01 
AVA |a UDN50  |b LSP  |d 895.9221 NG-K  |e available  |t Error 5001 Not defined in file expand_doc_bib_avail.  |f 3  |g 0  |h N  |i 0  |k 1 
TYP |a Monograph 
TYP |a Printed language 
980 |a Mạng thư viện Đại học Đà Nẵng